| 000 | 02058nam a22002777a 4500 | ||
|---|---|---|---|
| 001 | 1388 | ||
| 005 | 20231010094437.0 | ||
| 020 | _a9789995054373 | ||
| 040 |
_aFISKH _beng _cFISKH _dFISKH |
||
| 082 | _a306.89 | ||
| 100 | _aSocheata, Huot | ||
| 245 |
_aយ៉ាងណាក៏គ្រួសារ / _cនិពន្ធដោយ ហួត សុជាតា - គូររូបដោយ ញឹក សុផាលាភ |
||
| 250 | _aបោះពុម្ពលើកទី ៩ ខែតុលា ឆ្នាំ ២០២១ | ||
| 260 |
_aPhnom Penh : _bSipar, _c2021. |
||
| 300 |
_a32 pages : _bcolor illustrations ; _c25 cm |
||
| 490 | _aខ្ញុំចង់អាន | ||
| 505 | _aP | ||
| 520 | _aម៉ាវីណា កើតទុក្ខដោយសារឪពុកម្ដាយរបស់នាងរស់នៅបែកគ្នា។ នាងរស់នៅក្រុងតាខ្មៅជាមួយម្ដាយនិងប្អូនស្រីរបស់នាង។ ចំណែកឯឪពុករបស់នាងរស់នៅឯភ្នំពេញ។ ថ្ងៃមួយពេលចេញពីរៀន ព្រោះតែនឹកឪពុកនាងពេក នាងក៏បានយកលុយដែលនាងសន្សំបាន ទៅទិញសំបុត្រឡានក្រុងទៅជួបឪពុករបស់ខ្លួននៅភ្នំពេញ។ | ||
| 520 | _aMarvina is sad that her parents are living apart. She lives in Ta Kmao City with her mother and sister. Her father lives in Phnom Penh. One day, after school break, because she missed her father so much, she used the money she had saved to buy a bus ticket to meet her father in Phnom Penh. | ||
| 521 |
_a650 _bLexile estimate |
||
| 521 |
_aP _bRaz-Plus |
||
| 650 |
_aចែកផ្លូវគ្នា _vក្រៀមក្រំ _xនឹករលឹក |
||
| 650 |
_aSeparate _vUpset _xMiss |
||
| 700 |
_aSophaleab, Nhoek _cillustrator |
||
| 942 |
_2ddc _cBK _n0 |
||
| 999 |
_c1388 _d1388 |
||